000 01419 a2200229 4500
001 23658
005 20260407155522.0
008 260407a1989 arg spa d
003 AR-UNSa-BCEJYS
040 _aAR-UNSa-BCEJYS
_bspa
_cAR-UNSa-BCEJYS
080 _a658.3
_xPersonal. Relaciones humanas en la empresa (Recursos Humanos)
245 1 0 _aAdministración de recursos humanos
020 _a968-24-3683-4
250 _a3a. ed
264 1 _aMéxico :
_bTrillas
_c1989
300 _a535 p.
_c22 cm.
505 _a1. Teoría de los sistemas - 2. Administración de recursos humanos - 3. El comportamiento humano - 4. Las teorías gerenciales - 5. El supervisor - 6. La función de administración de recursos humanos - 7. Análisis de puestos - 8. Los salarios - 9. Reclutamiento y selección de personal - 10. Inducción - 11. Relaciones entre trabajo y director - 12. Educación y entrenamiento - 13. Medición del desempeño - 14. Higiene y seguridad industrial - 15. Servicios y prestaciones - 16. Comunicación - 17. Proceso de desarrollo organizacional - 18. Terminación de las relaciones de trabajo - 19. Auditorías e investigación relativas a los recursos humanos
942 _cBK
590 _aniveau_biblio:m niveau_hierar:0
100 1 _aArias Galicia, Fernando
856 4 1 _uhttps://biblioeco.unsa.edu.ar/pmb/images/libros/Administracion de Recursos Humanos 4ed.jpg
_yImagen de portada
_qimage/jpeg
999 _c1113
_d1113